Responses for show #6346 - Monday, April 2, 2012

Contestants

[<< previous game]

Randy Cauthen, a poet and professor originally from Charleston, South Carolina

Elisabeth Carrel, a copy editor from Elgin, Illinois

Sarah Curtis, a mechanical and electrical drafter from Oceanside, California (whose 1-day cash winnings total $14,000)

[next game >>]

Jeopardy! Round responses

A BEASTLY CATEGORY
APPROXIMATE WEIGHTS & MEASURES
CRITIQUING SHAKESPEARE
E FOLLOWS F
HUSBANDS
GREAT JANES
    $200 20
camels

Elisabeth
    $200 18
a swarm

Sarah
    $200 3
Darwin

Randy
    $200 16
caffeine

Sarah
    $200 8
Al Gore

Sarah
    $200 1
Jane Austen

Sarah
    $400 22
(Randy: What is [*] manufacture?)
(Alex: Yep. We'll accept that, right, Billy? Yes. Thank you.)
[Alex was referring to Editorial Producer Billy Wisse.]

silkworms

Randy
    $400 19
a bound

Randy
    $400 4
Tolstoy

Randy
    $400 17
midlife

Randy
    $400 9
(Randy: Who is Onassis? Who is Aristotle Onassis?)
(Alex: Okay, we need more than that.)

John F. Kennedy & Aristotle Onassis

ElisabethRandy
    $400 2
Malcolm in the Middle

Randy
    $600 21
a bear

Sarah
    $600 23
(Alex: Yes, with a minute to go.)

circa

Randy
    $600 5
(Samuel) Pepys

Elisabeth
    $600 26
a manifesto

Elisabeth
    $600 10
Arthur Miller & Joe DiMaggio

Elisabeth
    $600 13
Jane Fonda

Randy
    $800 29
(Sarah: What is a frog?)
[The end-of-round signal sounds.]

a salamander

Sarah
Triple Stumper
    $800 24
a jug

Randy
    $600 6
(Alex: Yes. The author of Candide.)

Voltaire

Elisabeth
    $800 27
a wafer

Elisabeth
    $800 11
(Elisabeth: Who was Julius Caesar?)
(Randy: Who was Augustus?)

Mark Antony

ElisabethRandy
Triple Stumper
    $800 14
The Jetsons

Elisabeth
    $1000 25
a patch

Sarah
    $1000 7
George Bernard Shaw

Randy
    $1000 28
(Elisabeth: What is fiefdom?)

fealty

SarahElisabeth
    $1000 12
(Alex: You got lucky on that one, uh, blurting out the response before you rang in, but it worked to your advantage. Select again.)

Petraeus

Elisabeth
    $1000 15
Jane's Addiction

Sarah

Scores at the first commercial break (after clue 14):

Sarah Elisabeth Randy
$400 $3,200 $1,400

Scores at the end of the Jeopardy! Round:

Sarah Elisabeth Randy
$3,600 $3,800 $4,000

Double Jeopardy! Round responses

AMERICAN COMPOSERS
INTERNAL RHYMES
TV FOR "U"
GEOGRAPHIC NAME DERIVATIONS
HOME
ON THE RANGE
    $400 25
Duke Ellington

Sarah
    $400 11
hodgepodge

Elisabeth
    $400 1
Uhura

Randy
    $400 6
the Sahara

Elisabeth
    $400 16
Brigham Young

Elisabeth
    $400 24
an artichoke

Randy
    $800 12
backtrack

Triple Stumper
    $800 2
Undercover Boss

Sarah
    $800 10
Austria

Randy
    $800 17
the Playboy Mansion

Randy
    $800 26
(Sarah: What is risotto?)

pilaf

SarahElisabeth
    $1200 21
(Burt) Bacharach

Randy
    $1200 13
a cookbook

Randy
    $1200 3
Tracey Ullman

Sarah
    $1200 7
Saudi Arabia

Elisabeth
    $1200 18
(Randy: Who is Molly Hatchet?)

Carry Nation

ElisabethRandy
    $1200 27
gumbo

Elisabeth
    $1,400 22
(Randy: Who is Gershwin?)

Cole Porter

Randy
    $1600 14
a freebie

Randy
    $1600 4
Underdog

Randy
    $1600 8
the Bronx & Queens

Randy
    $1600 19
Andrew Wyeth

Elisabeth
    $2000 23
(Alex: With a minute to go. Right.)

(Philip) Glass

Randy
    $3,200 15
a potshot

Randy
    $2000 5
Unforgettable

Sarah
    $2000 9
Calcutta

Sarah
    $2000 20
the Breakers

Elisabeth
    $2000 28
[The end-of-round signal sounds.]

udon

Sarah

Scores at the end of the Double Jeopardy! Round:

Sarah Elisabeth Randy
$11,200 $13,000 $16,200

[wagering suggestions for these scores]

Final Jeopardy! Round responses

TRANSLATED MOVIE TITLES
SarahWhat is Raging Bull
$11,150
ElisabethWhat is The Deer Hunter
$11,000
RandyWhat is The Taxi Driver?
$10,047
The Deer Hunter

Final scores:

Sarah Elisabeth Randy
$50 $24,000 $6,153
3rd place: $1,000 New champion: $24,000 2nd place: $2,000

Game dynamics:

Coryat scores:

Sarah Elisabeth Randy
$11,200 $13,200 $16,400
14 R,
2 W
18 R
(including 1 DD),
2 W
21 R
(including 1 DD),
4 W
(including 1 DD)

Combined Coryat: $40,800

The J! Archive is created by fans, for fans. The Jeopardy! game show and all elements thereof, including but not limited to copyright and trademark thereto, are the property of Jeopardy Productions, Inc. and are protected under law. This website is not affiliated with, sponsored by, or operated by Jeopardy Productions, Inc. Join the discussion at JBoard.tv.